| 000 | 00611cam a22001935a 4500 | ||
|---|---|---|---|
| 001 | L157681 | ||
| 008 | 130227s1894 xxk f 000 0 eng d | ||
| 035 | _a(Sirsi) u157681 | ||
| 041 | 0 | _aeng | |
| 110 | 2 |
_aEdward Stanford Ltd. _96124 |
|
| 245 | 0 | 0 |
_aStanford's new map of the county of London _h[cartographic material] _bon the scale of four inches to one mile |
| 260 |
_aLondon _bE. Stanford _c1894 |
||
| 300 |
_a1 map on 20 sheets _bcol. _c41 x 46 cm. |
||
| 520 | _aIn portfolio. | ||
| 583 |
_aCondition reviewed _c20130226 _lcondition level |
||
| 651 | 4 | _aLondon | |
| 690 |
_aGeomatics _96242 |
||
| 942 | _n0 | ||
| 999 |
_c114917 _d114917 |
||